A lifelong love : (Record no. 10991)

MARC details
000 -LEADER
fixed length control field 01174cam a2200313 i 4500
001 - CONTROL NUMBER
control field 18539344
003 - CONTROL NUMBER IDENTIFIER
control field GBCCL
005 - DATE AND TIME OF LATEST TRANSACTION
control field 20251107111137.0
008 - FIXED-LENGTH DATA ELEMENTS--GENERAL INFORMATION
fixed length control field 150324s2014 cou b 000 0 eng
020 ## - INTERNATIONAL STANDARD BOOK NUMBER
International Standard Book Number 9781434704900
Qualifying information Hard Cover
020 ## - INTERNATIONAL STANDARD BOOK NUMBER
International Standard Book Number 9781434708625
Qualifying information Paperback
020 ## - INTERNATIONAL STANDARD BOOK NUMBER
International Standard Book Number 9780781412377
Qualifying information ebk
035 ## - SYSTEM CONTROL NUMBER
System control number 18539344
040 ## - CATALOGING SOURCE
Original cataloging agency DLC
Language of cataloging eng
Description conventions rda
Transcribing agency DLC
082 ## - DEWEY DECIMAL CLASSIFICATION NUMBER
Classification number 248.844
Item number THO 1
100 1# - MAIN ENTRY--PERSONAL NAME
Personal name Thomas, Gary
Fuller form of name (Gary Lee),
Relator term author.
245 12 - TITLE STATEMENT
Title A lifelong love :
Remainder of title how to have lasting intimacy, friendship, and purpose in your marriage /
Statement of responsibility, etc. Gary Thomas.
250 ## - EDITION STATEMENT
Edition statement First edition.
264 #1 - PRODUCTION, PUBLICATION, DISTRIBUTION, MANUFACTURE, AND COPYRIGHT NOTICE
Place of production, publication, distribution, manufacture Colorado Springs, CO :
Name of producer, publisher, distributor, manufacturer David C Cook,
Date of production, publication, distribution, manufacture, or copyright notice 2014.
300 ## - PHYSICAL DESCRIPTION
Extent 334 pages ;
Dimensions 21 cm
336 ## - CONTENT TYPE
Content type term text
Content type code txt
Source rdacontent
337 ## - MEDIA TYPE
Media type term unmediated
Media type code n
Source rdamedia
338 ## - CARRIER TYPE
Carrier type term volume
Carrier type code nc
Source rdacarrier
504 ## - BIBLIOGRAPHY, ETC. NOTE
Bibliography, etc. note Includes bibliographical references (pages 331-334) and index.
650 #0 - SUBJECT ADDED ENTRY--TOPICAL TERM
Topical term or geographic name entry element Marriage
General subdivision Religious aspects
-- Christianity.
906 ## - LOCAL DATA ELEMENT F, LDF (RLIN)
a 7
b cbc
c orignew
d 2
e epcn
f 20
g y-gencatlg
942 ## - ADDED ENTRY ELEMENTS (KOHA)
Source of classification or shelving scheme Dewey Decimal Classification
Koha item type Books
Suppress in OPAC No
Holdings
Withdrawn status Lost status Source of classification or shelving scheme Damaged status Not for loan Home library Current Library Shelving location Date acquired Total checkouts Full call number Barcode Date last seen Copy number Price effective from Koha item type
    Dewey Decimal Classification     GRACE BIBLE COLLEGE GRACE BIBLE COLLEGE Ministry & Mission 2025-11-07   248.844 THO 017280 2025-11-07 c.1 2025-11-07 Books
© Grace Bible College Library 2025